00341pab a2200133 454500008004000000100002300040245007200063260000900135300001000144362000800154650001100162700001800173773001600191180718b1998 xxu||||| |||| 00| 0 eng d aTyagi, Lalit Kumar aRural credit delivery system: neglected dimensions and needed focus c1998 ap.5-7 aJun aCredit aSingh, Rashmi aKurukshetra